000 nam a22 7a 4500
999 _c26572
_d26572
008 170204b xxu||||| |||| 00| 0 eng d
050 _aNK 3600 .A67 1969
100 _aAnderson, Charles R.
_d1969
245 _aLettering/
_cCharles R. Anderson.
260 _aNew york:
_bVan nostrand reinhold company,
_c1969.
300 _a174p.:
_bill.;
_c29cm.
521 _aIncludes bibliographical references and index.
942 _2lcc
_cBOOKS
_hNK 3600 .A67 1969